000 00361nam a22001097a 4500
100 _aMehtab, Latif
_a13ME45
245 _aExperimental Analysis of Diesel Engine Performance and Noise Emissions Using Waste Cooking Oil As Blended Fuel
260 _aNawabshah:
_bQUEST,
_c2016.
300 _a49p. ;
700 _aDepartment of Mechanical Engineering
942 _cTHESIS
999 _c57537
_d57534